[Event "VIE-ch U15 Girls"]
[Site "Hanoi"]
[Date "2022.06.17"]
[Round "9"]
[White "Chau, Dien Nha Uyen"]
[Black "Van, Thi Y Thanh"]
[Result "1-0"]
[WhiteElo "2094"]
[BlackElo "2098"]
[PlyCount "76"]
[EventDate "2022.06.11"]
[EventType "swiss"]
[EventRounds "9"]
[EventCountry "VIE"]
[SourceTitle "EXT 2023"]
[Source "ChessBase"]
[SourceDate "2022.10.05"]
[SourceVersion "1"]
[SourceVersionDate "2022.10.05"]
[SourceQuality "1"]

1. e4 e5 2. Nf3 Nc6 3. Nc3 Bc5 4. g3 Nf6 5. Bg2 0-0 6. 0-0 d6 7. d3 h6 8. h3 Re8 9. Ne1 Nh7 10. Kh2 Re6 11. f4 exf4 12. gxf4 Re8 13. f5 Bd4 14. Nf3 Bxc3 15. bxc3 Qf6 16. Bd2 Ne5 17. Nd4 c5 18. Ne2 Rb8 19. Nf4 Qe7 20. Nd5 Qd8 21. f6 g6 22. Bxh6 Be6 23. Ne7+ Rxe7 24. fxe7 Qxe7 25. Bf4 b5 26. d4 Rd8 27. d5 Bd7 28. Qe1 Kg7 29. Qg3 Rh8 30. Kg1 a5 31. Rf2 b4 32. Raf1 Rf8 33. h4 f6 34. Bh3 Rf7 35. Bxd7 Qxd7 36. Rg2 g5 37. hxg5 fxg5 38. Bxe5+ dxe5 1-0

[Event "VIE-ch U15 Girls"]
[Site "Hanoi"]
[Date "2022.06.11"]
[Round "1"]
[White "Van, Thi Y Thanh"]
[Black "Nguyen, Le Cam Hien"]
[Result "1/2-1/2"]
[WhiteElo "2098"]
[BlackElo "2115"]
[PlyCount "67"]
[EventDate "2022.06.11"]
[EventType "swiss"]
[EventRounds "9"]
[EventCountry "VIE"]
[SourceTitle "EXT 2023"]
[Source "ChessBase"]
[SourceDate "2022.10.05"]
[SourceVersion "1"]
[SourceVersionDate "2022.10.05"]
[SourceQuality "1"]

1. e4 c5 2. Nf3 d6 3. Nc3 Nc6 4. h3 g6 5. Bc4 Bg7 6. d3 e6 7. a3 Nge7 8. 0-0 0-0 9. Bd2 a6 10. Rb1 b5 11. Ba2 Bb7 12. Qc1 Nd4 13. Nxd4 cxd4 14. Ne2 Re8 15. Bh6 Bh8 16. Qf4 d5 17. Bg5 dxe4 18. dxe4 Qb8 19. Qg4 Qe5 20. Ng3 Bg7 21. b4 Qc7 22. Bb3 h6 23. Bxe7 Qxe7 24. Rfe1 h5 25. Qe2 Be5 26. Nf1 Rac8 27. Red1 Qh4 28. Nd2 Bg7 29. Re1 Rc3 30. Nf3 Qf4 31. Rbd1 Rd8 32. Rd3 Rxd3 33. Qxd3 Rc8 34. Nxd4 1/2-1/2